| LEADER | 00402cam a2200133 7i4500 | ||
|---|---|---|---|
| 001 | 0000011639 | ||
| 005 | 20030120090000.0 | ||
| 090 | 0 | 0 | |a MAT 382 |b MAL M 382 MAL |
| 245 | 0 | 0 | |a MATRADE : |b penghubung anda ke pasaran antarabangsa. |
| 260 | 0 | 0 | |a Kuala Lumpur: |b MATRADE, |c 2002. |
| 300 | # | # | |a 24 p. |
| 650 | 0 | 0 | |a MATRADE |
| 651 | 0 | 0 | |a Malaysia |
| 999 | |a 0000014148 |b Book |c MATRADEs Collection |e Business Information Centre | ||